00336nam a2200121 a 450000500170000000800410001705000190005824500320007726000400010950000470014965000120019665000060020820140414132009.0110303s19uu xx 00 eng d aVCDbB23P 2001 aBarney's Parade of numbers. aQuezon City :bMagna Vision,c2001. arunning time: approximately thirty minutes aNumbers a